| 000 | 00657cam a2200241I 4500 | ||
|---|---|---|---|
| 001 | 4724442 | ||
| 003 | ARRUPE | ||
| 005 | 20151029150601.0 | ||
| 008 | 830622s1951 ug 000 0 lug d | ||
| 035 | _a(OCoLC)ocm09632638 | ||
| 035 | _a(NNC)4724442 | ||
| 040 |
_aCLU _cCLU |
||
| 050 |
_aPL8201.1 _bK58 |
||
| 098 | _aRj | ||
| 100 | 1 |
_aKirwan, Brian Edmond Renshaw. _920779 |
|
| 245 | 1 | 0 |
_aElementary Luganda, _cby B. E. R. Kirwan & P. A. Gore. |
| 260 |
_aKampala, _bUganda Bookshop, _c1951. |
||
| 300 |
_a150 p. ; _c21 cm. |
||
| 650 | 0 |
_aGanda language _xGrammar. _920780 |
|
| 700 | 1 |
_aGore, P. A. _920781 |
|
| 942 |
_2lcc _cMONOGRAPH |
||
| 999 |
_c123693 _d123693 |
||